Encriptador de senal de voz
Guardado en:
| Autor principal: | |
|---|---|
| Formato: | Tesis Libro |
| Lenguaje: | Undetermined |
| Publicado: |
1998
|
| Materias: | |
| Etiquetas: |
Agregar Etiqueta
Sin Etiquetas, Sea el primero en etiquetar este registro!
|
MARC
| LEADER | 00000nam a2200000Ia 4500 | ||
|---|---|---|---|
| 001 | 8475 | ||
| 008 | 140114s9999 xx 000 0 und d | ||
| 100 | |a Chi Lin, Yang Hung | ||
| 245 | |a Encriptador de senal de voz | ||
| 260 | |c 1998 | ||
| 500 | |a NULL | ||
| 502 | |a Escuela de ingenieria Electrica | ||
| 650 | |z CIRCUITO ENCRIPTADOR DE VOZ | ||
| 999 | |c 12482 |d 12482 | ||
